Chế định đại diện trong pháp luật Việt Nam và vấn đề đặt ra trong thực tiễn áp dụng /
Gorde:
| Egile nagusia: | |
|---|---|
| Formatua: | Artikulua |
| Hizkuntza: | Vietnamese |
| Gaiak: | |
| Etiketak: |
Etiketa erantsi
Etiketarik gabe, Izan zaitez lehena erregistro honi etiketa jartzen!
|
| Thư viện lưu trữ: | Thư viện Trường Đại học Đà Lạt |
|---|
| LEADER | 00814nam a2200265 4500 | ||
|---|---|---|---|
| 001 | DLU140162437 | ||
| 005 | ##20140722 | ||
| 040 | # | # | |a DLU |b vie |
| 041 | # | # | |a vie |
| 044 | # | # | |a vn |
| 100 | # | # | |a Nguyễn Vũ Hoàng, |c Ts. |
| 245 | # | # | |a Chế định đại diện trong pháp luật Việt Nam và vấn đề đặt ra trong thực tiễn áp dụng / |c Nguyễn Vũ Hoàng. |
| 653 | # | # | |a Chế định |
| 653 | # | # | |a Pháp luật Việt Nam |
| 653 | # | # | |a Thực tiễn |
| 773 | # | # | |t Luật học |g Số2(153), 2013, tr. 22-31 |
| 920 | # | # | |a Phòng Tạp chí -- Trung tâm Thông tin - Thư viện Trường Đại học Đà Lạt |
| 994 | # | # | |a DLU |
| 900 | # | # | |a True |
| 911 | # | # | |a Nguyễn Thị Mai Anh |
| 925 | # | # | |a G |
| 926 | # | # | |a A |
| 927 | # | # | |a BB |
| 980 | # | # | |a Thư viện Trường Đại học Đà Lạt |